Statistics for Olympic Hosts by Picture

Click here to take the quiz!

General Stats

  • This quiz has been taken 121 times
    (83 since last reset)
  • The average score is 11 of 18

Answer Stats

Answer% Correct
Athens
95%
Sydney
94%
Paris
92%
Moscow
91%
Rio de Janeiro
91%
London
87%
Beijing
82%
Barcelona
52%
Los Angeles
51%
Tokyo
48%
St. Louis
47%
Vancouver
43%
Atlanta
41%
Munich
41%
Innsbruck
30%
Turin
27%
Salt Lake City
24%
Sochi
18%

Score Distribution

Percentile by Number Answered

Percent of People with Each Score

Your Score History

You have not taken this quiz since the last reset